Estadios de fútbol de España (Primera y Segunda 2025-26) - Estadísticas

Estadísticas generales
  • Esta prueba ha sido intentada 78 veces
  • La puntuación promedio es 27 de 42
Estadísticas de respuestas
Estadio % Correcto
Santiago Bernabéu
100%
Spotify Camp Nou
100%
Riyadh Air Metropolitano
99%
San Mamés
96%
Abanca Balaídos
93%
Estadio de la Cerámica
91%
Mestalla
91%
Estadio de la Cartuja
87%
Estadio de Vallecas
87%
Estadio La Rosaleda
87%
Campos de Sport de El Sardinero
84%
Estadio Coliseum
84%
RCDE Stadium
84%
Anoeta
82%
Estadio El Sadar
81%
Mendizorroza
81%
Ramón Sánchez-Pizjuán
81%
Ciutat de València
79%
Municipal Montilivi
79%
Carlos Tartiere
76%
Estadi Mallorca Son Moix
73%
Estadio Abanca-Riazor
73%
Estadio El Molinón - Enrique Castro "Quini"
73%
Estadio Martínez Valero
67%
Ontime Butarque
64%
Estadio José Zorrilla
61%
Municipal de Ipurua
60%
Nuevo Mirandilla
57%
Carlos Belmonte
55%
Estadio de Gran Canaria
51%
Nuevo Los Cármenes
51%
SkyFi Castalia
45%
Bahrain Victorious Nuevo Arcángel
40%
Municipal de El Plantío
39%
Estadio El Alcoraz
36%
Estadio Reino de León
36%
Estadio Municipal de Anduva
34%
Ibercaja Estadio
22%
Municipal Alfonso Murube
22%
Zubieta
18%
UD Almería Stadium
15%
Nou Estadi d'Encamp
4%
No se encontraron pruebas coincidentes
Distribución de puntuación
Porcentaje de gente con cada puntuación
Porcentaje por número respondido
Historial de tus puntuaciones
No has intentado esta prueba.